[Event "RUS-ch Men Blitz 2019"]
[Site "Sochi"]
[Date "2019.10.17"]
[Round "1.12"]
[White "Gaydym, Arseniy"]
[Black "Nozdrachev, Vladislav"]
[Result "0-1"]
[WhiteElo "2139"]
[BlackElo "2494"]
[Annotator "ChessBase"]
[PlyCount "44"]
[EventDate "2019.10.17"]
[EventType "swiss"]
[EventCountry "RUS"]
[SourceTitle "playchess.com"]
[Source "ChessBase"]
[SourceQuality "1"]
[TimeControl "180+2"]

1. e4 {[%emt 0:00:00]} e5 {[%emt 0:00:00]} 2. Nf3 {[%emt 0:00:00]} Nc6 {[%emt 0:00:00]} 3. Bb5 {[%emt 0:00:02]} a6 {[%emt 0:00:00]} 4. Ba4 {[%emt 0:00:01]} Nf6 {[%emt 0:00:01]} 5. d3 {[%emt 0:00:01]} b5 {[%emt 0:00:04]} 6. Bb3 {[%emt 0:00:01]} Bc5 {[%emt 0:00:01]} 7. O-O d6 8. c3 {[%emt 0:00:06]} Bb6 {[%emt 0:00:02]} 9. a4 {[%emt 0:00:06]} Rb8 {[%emt 0:00:10]} 10. Nbd2 {[%emt 0:00:16]} O-O {[%emt 0:00:02]} 11. Re1 {[%emt 0:00:07]} Ng4 {[%emt 0:00:07]} 12. Re2 {[%emt 0:00:02]} Kh8 {[%emt 0:00:01]} 13. h3 {[%emt 0:00:05]} f5 {[%emt 0:00:00]} 14. d4 {[%emt 0:00:55]} exd4 {[%emt 0:00:06]} 15. hxg4 {[%emt 0:00:03]} dxc3 {[%emt 0:00:04]} 16. Nf1 {[%emt 0:00:24]} fxg4 {[%emt 0:00:01]} 17. Ng5 {[%emt 0:00:01]} Nd4 {[%emt 0:00:40]} 18. Nf7+ {[%emt 0:00:36]} Rxf7 {[%emt 0:00:01]} 19. Bxf7 {[%emt 0:00:01]} Qf6 {[%emt 0:00:18]} 20. Bd5 {[%emt 0:00:12]} c6 {[%emt 0:00:01]} 21. Ba2 {[%emt 0:00:02]} g3 {[%emt 0:00:27]} 22. a5 {[%emt 0:00:12]} Nxe2+ {[%emt 0:00:04]} 0-1

[Event "RUS-ch Men Blitz 2019"]
[Site "Sochi"]
[Date "2019.10.17"]
[Round "1.13"]
[White "Khismatullin, Denis"]
[Black "Onischenko, Leonid"]
[Result "1-0"]
[WhiteElo "2611"]
[BlackElo "1927"]
[Annotator "TA"]
[PlyCount "47"]
[EventDate "2019.10.17"]
[EventType "swiss"]
[EventCountry "RUS"]
[SourceTitle "playchess.com"]
[Source "ChessBase"]
[SourceQuality "1"]

{[%evp 18,47,64,66,88,71,81,74,74,79,120,125,134,127,178,174,215,215,275,278,293,291,297,297,277,276,479,482,486,299,29996,29997]} 1. c4 Nf6 2. Nc3 c5 3. Nf3 g6 4. e4 Nc6 5. d4 cxd4 6. Nxd4 Bg7 7. Be3 d6 8. Be2 O-O 9. O-O Nxd4 10. Bxd4 a5 {B38: Sicilian: Maroczy Bind with 5...Bg7 and 7...0-0} (10... Bd7 11. Qd3 Bc6 12. b4 a6 13. Qe3 Qb8 14. f4 b5 15. e5 Ne8 16. c5 dxe5 17. Bxe5 Qb7 18. Bf3 Bxf3 19. Qxf3 Qxf3 20. gxf3 {0-1 (37) Eljanov,P (2703)-Flores,D (2621) Batumi 2018}) 11. b3 Nd7 12. Bxg7 Kxg7 {White is better.} 13. f4 Nc5 $146 ({Predecessor:} 13... f6 14. Qd2 b6 15. Rad1 Bb7 16. Bg4 Nc5 17. Qe3 Qe8 18. Nd5 {1-0 (50) Arias Santana,M (2311)-Gonzalez Acosta,J San Jose 2014}) 14. Qd4+ f6 15. e5 Kg8 (15... Bd7 $16) 16. Rad1 $18 Ne6 17. Qe3 fxe5 18. fxe5 Rxf1+ 19. Bxf1 Qf8 20. exd6 exd6 {[#]} 21. c5 $1 {[%mdl 512]} Nxc5 $2 (21... Qf4 22. Qe1 (22. Qxf4 Nxf4 23. Bc4+ Be6 $18) 22... Nxc5 23. Bc4+ Kf8) (21... dxc5 22. Bc4) 22. Bc4+ Kg7 23. Rf1 Qd8 $2 (23... Bf5 $18 24. g4 Re8) 24. Rf7+ {Accuracy: White = 84%, Black = 11%.} 1-0

[Event "RUS-ch Men Blitz 2019"]
[Site "Sochi"]
[Date "2019.10.20"]
[Round "1.14"]
[White "Lysyj, Igor"]
[Black "Mamedov, Elmin"]
[Result "1-0"]
[WhiteElo "2596"]
[BlackElo "2149"]
[Annotator "ChessBase"]
[PlyCount "65"]
[EventDate "2019.10.17"]
[EventType "swiss"]
[EventCountry "RUS"]
[SourceTitle "playchess.com"]
[Source "ChessBase"]
[SourceQuality "1"]
[TimeControl "180+2"]

1. d4 {[%emt 0:00:00]} Nf6 {[%emt 0:00:00]} 2. c4 {[%emt 0:00:01]} c5 {[%emt 0:00:04]} 3. d5 {[%emt 0:00:01]} e6 {[%emt 0:00:01]} 4. Nc3 {[%emt 0:00:02]} exd5 {[%emt 0:00:01]} 5. cxd5 {[%emt 0:00:01]} d6 {[%emt 0:00:01]} 6. Nf3 {[%emt 0:00:02]} g6 {[%emt 0:00:00]} 7. Bf4 {[%emt 0:00:03]} Bg7 {[%emt 0:00:03]} 8. e3 {[%emt 0:00:03]} O-O {[%emt 0:00:07]} 9. h3 {[%emt 0:00:01]} a6 {[%emt 0:00:09]} 10. a4 {[%emt 0:00:01]} Qc7 {[%emt 0:00:37]} 11. Be2 {[%emt 0:00:11]} Nbd7 {[%emt 0:00:18]} 12. Nd2 {[%emt 0:00:03]} b6 {[%emt 0:00:30]} 13. O-O {[%emt 0:00:04]} Ne8 {[%emt 0:00:18]} 14. Qc2 {[%emt 0:00:05]} Ne5 {[%emt 0:00:06]} 15. Bg3 {[%emt 0:00:05]} f5 {[%emt 0:00:06]} 16. Rae1 {[%emt 0:00:16]} Rb8 {[%emt 0:00:18]} 17. f4 {[%emt 0:00:04]} Nf7 {[%emt 0:00:02]} 18. e4 {[%emt 0:00:01]} fxe4 {[%emt 0:00:03]} 19. Ndxe4 {[%emt 0:00:05]} Bf5 {[%emt 0:00:05]} 20. Bxa6 {[%emt 0:00:10]} Nf6 {[%emt 0:00:08]} 21. Nxf6+ {[%emt 0:00:06]} Bxf6 {[%emt 0:00:02]} 22. Bd3 {[%emt 0:00:02]} Bxd3 {[%emt 0:00:05]} 23. Qxd3 {[%emt 0:00:01]} Nh6 {[%emt 0:00:02]} 24. Nb5 {[%emt 0:00:07]} Qg7 {[%emt 0:00:06]} 25. Nxd6 {[%emt 0:00:12]} Bxb2 {[%emt 0:00:01]} 26. Re6 {[%emt 0:00:08]} Rbd8 {[%emt 0:00:05]} 27. Kh2 {[%emt 0:00:10]} Nf5 {[%emt 0:00:02]} 28. Nxf5 {[%emt 0:00:04]} Rxf5 {[%emt 0:00:01]} 29. Rfe1 {[%emt 0:00:19]} Qf7 {[%emt 0:00:11]} 30. d6 {[%emt 0:00:10]} Bd4 {[%emt 0:00:02]} 31. Qb5 {[%emt 0:00:05]} Qd7 {[%emt 0:00:04]} 32. Re8+ {[%emt 0:00:03]} Kg7 {[%emt 0:00:01]} 33. R8e7+ {[%emt 0:00:01]} 1-0

[Event "RUS-ch Men Blitz 2019"]
[Site "Sochi"]
[Date "2019.10.17"]
[Round "1.14"]
[White "Stupin, Sergey"]
[Black "Savchenko, Boris"]
[Result "0-1"]
[WhiteElo "1857"]
[BlackElo "2581"]
[Annotator "TA"]
[PlyCount "62"]
[EventDate "2019.10.17"]
[EventType "swiss"]
[EventCountry "RUS"]
[SourceTitle "playchess.com"]
[Source "ChessBase"]
[SourceQuality "1"]

{[%evp 9,66,75,75,54,79,56,86,71,89,83,83,13,75,6,29,13,26,22,33,17,58,34,71,77,91,73,87,81,129,111,111,112,81,65,57,62,64,-17,0,-16,-33,-17,0,-27,-3,-17,-15,-72,-2,-2,0,-408,-397,-29991,-29992,-29993,-29994,-29999,493]} 1. d4 Nf6 2. c4 e6 3. Nc3 a6 4. e4 d6 (4... d5 5. e5 Ne4 6. cxd5 exd5 7. Bd3 f5 8. Nge2 c6 9. f3 Ng5 10. Qc2 g6 11. h4 Ne6 {1-0 (58) Stohl,I (2534)-Cicak,S (2545) Czechia 2001}) 5. Nf3 Be7 6. h3 {E20: Nimzo-Indian: 4 g3 and 4 f3} b6 $146 ({Predecessor:} 6... c5 7. dxc5 dxc5 8. Be3 Qxd1+ 9. Rxd1 O-O 10. e5 Nfd7 11. Bd3 f6 12. exf6 Nxf6 13. O-O {1-0 (94) Mahdian,A (1941)-Alijanzadeh,M (1957) Teheran 2017}) 7. Bf4 Nc6 8. Be2 {White is better.} Bb7 9. O-O O-O 10. a3 (10. d5 $16 Nb8 11. Be3) 10... Nd7 (10... Nxd4 $11 11. Nxd4 (11. Qxd4 e5 $14) 11... e5) 11. Rc1 (11. Be3 $16) 11... e5 12. dxe5 Ncxe5 13. Nxe5 dxe5 14. Be3 Bc5 15. Qd2 Bxe3 16. Qxe3 Nc5 17. Rfd1 Qb8 18. Nd5 Re8 19. b4 Ne6 20. Bg4 Nd4 21. c5 Bxd5 22. exd5 Qd8 $1 23. Rxd4 (23. Kh1 $14) 23... exd4 $11 24. Qxd4 bxc5 25. bxc5 Qg5 26. Rd1 Rad8 27. d6 cxd6 {[#] aiming for ...h5.} 28. cxd6 (28. c6 $1 $11 {remains equal.} Qa5 29. Qb4) 28... h5 (28... Qa5 $17 {Black wants to play ...h5.} 29. Rd3 Re1+ 30. Kh2 Qe5+ 31. Qxe5 Rxe5) 29. Bc8 Qf6 30. Qa4 $2 {[%mdl 8192]} (30. Qxf6 $11 {and White has nothing to worry.} gxf6 31. d7) 30... Re2 $19 31. Qc6 $2 (31. Bb7 $19 Rxd6 32. Rf1) 31... Qxf2+ 0-1

[Event "RUS-ch Men Blitz 2019"]
[Site "Sochi"]
[Date "2019.10.17"]
[Round "1.15"]
[White "Bocharov, Dmitry"]
[Black "Dolgov, Alexey S"]
[Result "1-0"]
[WhiteElo "2519"]
[BlackElo "2118"]
[Annotator "ChessBase"]
[PlyCount "55"]
[EventDate "2019.10.17"]
[EventType "swiss"]
[EventCountry "RUS"]
[SourceTitle "playchess.com"]
[Source "ChessBase"]
[SourceQuality "1"]
[TimeControl "180+2"]

1. c4 {[%emt 0:00:00]} c5 {[%emt 0:00:00]} 2. Nf3 {[%emt 0:00:02]} Nc6 {[%emt 0:00:03]} 3. d4 {[%emt 0:00:03]} cxd4 {[%emt 0:00:04]} 4. Nxd4 {[%emt 0:00:02]} Nf6 {[%emt 0:00:01]} 5. Nc3 {[%emt 0:00:03]} g6 {[%emt 0:00:02]} 6. Nc2 {[%emt 0:00:04]} Bg7 {[%emt 0:00:01]} 7. e4 {[%emt 0:00:02]} d6 {[%emt 0:00:04]} 8. Be2 {[%emt 0:00:02]} O-O {[%emt 0:00:02]} 9. O-O {[%emt 0:00:03]} Be6 {[%emt 0:00:14]} 10. Be3 {[%emt 0:00:10]} Rc8 {[%emt 0:00:02]} 11. Rc1 {[%emt 0:00:12]} a6 {[%emt 0:00:07]} 12. b3 {[%emt 0:00:22]} Qa5 {[%emt 0:00:02]} 13. Bd2 {[%emt 0:00:02]} Qd8 {[%emt 0:00:31]} 14. Kh1 {[%emt 0:00:13]} h5 {[%emt 0:00:30]} 15. f3 {[%emt 0:00:29]} Re8 {[%emt 0:00:02]} 16. Nd5 {[%emt 0:00:03]} Bd7 {[%emt 0:00:30]} 17. Be3 {[%emt 0:00:05]} Ne5 {[%emt 0:00:20]} 18. Bb6 {[%emt 0:00:09]} Nxd5 {[%emt 0:00:19]} 19. Bxd8 {[%emt 0:00:02]} Nc3 {[%emt 0:00:09]} 20. Qd2 {[%emt 0:00:07]} Nxe2 {[%emt 0:00:02]} 21. Qxe2 {[%emt 0:00:02]} Rexd8 {[%emt 0:00:05]} 22. Ne3 {[%emt 0:00:02]} e6 {[%emt 0:00:04]} 23. Rcd1 {[%emt 0:00:04]} Be8 {[%emt 0:00:01]} 24. f4 {[%emt 0:00:08]} Nc6 {[%emt 0:00:01]} 25. Rd2 {[%emt 0:00:12]} Nd4 {[%emt 0:00:01]} 26. Qd1 {[%emt 0:00:03]} e5 {[%emt 0:00:07]} 27. Nd5 {[%emt 0:00:02]} b5 {[%emt 0:00:01]} 28. Ne7+ {[%emt 0:00:03]} 1-0

[Event "RUS-ch Men Blitz 2019"]
[Site "Sochi"]
[Date "2019.10.17"]
[Round "1.16"]
[White "Karalkin, Maksim"]
[Black "Pridorozhni, Aleksei"]
[Result "0-1"]
[WhiteElo "2141"]
[BlackElo "2599"]
[Annotator "ChessBase"]
[PlyCount "62"]
[EventDate "2019.10.17"]
[EventType "swiss"]
[EventCountry "RUS"]
[SourceTitle "playchess.com"]
[Source "ChessBase"]
[SourceQuality "1"]
[TimeControl "180+2"]

1. e4 {[%emt 0:00:00]} c5 {[%emt 0:00:00]} 2. Nf3 {[%emt 0:00:02]} e6 {[%emt 0:00:01]} 3. c3 {[%emt 0:00:01]} a6 {[%emt 0:00:03]} 4. d4 {[%emt 0:00:08]} d5 {[%emt 0:00:01]} 5. exd5 {[%emt 0:00:04]} exd5 {[%emt 0:00:02]} 6. Bd3 {[%emt 0:00:17]} c4 {[%emt 0:00:02]} 7. Bc2 {[%emt 0:00:08]} Nc6 {[%emt 0:00:03]} 8. O-O {[%emt 0:00:03]} Nf6 {[%emt 0:00:03]} 9. Re1+ {[%emt 0:00:10]} Be7 {[%emt 0:00:02]} 10. b3 {[%emt 0:00:01]} cxb3 {[%emt 0:00:05]} 11. axb3 {[%emt 0:00:01]} O-O {[%emt 0:00:18]} 12. Qd3 {[%emt 0:00:13]} Ne4 {[%emt 0:00:06]} 13. Ba3 {[%emt 0:00:31]} Bxa3 {[%emt 0:00:08]} 14. Rxa3 {[%emt 0:00:02]} Bf5 {[%emt 0:00:02]} 15. Qd1 {[%emt 0:00:36]} Rc8 {[%emt 0:00:07]} 16. Bd3 {[%emt 0:00:06]} Bg6 {[%emt 0:00:05]} 17. Ra2 {[%emt 0:00:09]} Qd6 {[%emt 0:00:11]} 18. Rae2 {[%emt 0:00:05]} b5 {[%emt 0:00:24]} 19. h3 {[%emt 0:00:08]} Qb8 {[%emt 0:00:15]} 20. Re3 {[%emt 0:00:24]} a5 {[%emt 0:00:11]} 21. Nh4 {[%emt 0:00:01]} Nf6 {[%emt 0:00:01]} 22. Nxg6 {[%emt 0:00:02]} hxg6 {[%emt 0:00:01]} 23. Nd2 {[%emt 0:00:05]} b4 {[%emt 0:00:05]} 24. cxb4 {[%emt 0:00:06]} Qxb4 {[%emt 0:00:05]} 25. Nf3 {[%emt 0:00:03]} Nxd4 {[%emt 0:00:05]} 26. Nxd4 {[%emt 0:00:17]} Qxd4 {[%emt 0:00:01]} 27. Re7 {[%emt 0:00:07]} Rc3 {[%emt 0:00:08]} 28. Bc2 {[%emt 0:00:02]} Qxd1 {[%emt 0:00:02]} 29. Bxd1 {[%emt 0:00:01]} Rc1 {[%emt 0:00:17]} 30. Kf1 {[%emt 0:00:02]} Ne4 {[%emt 0:00:05]} 31. Ra7 {[%emt 0:00:02]} Re8 {[%emt 0:00:06]} 0-1

[Event "RUS-ch Men Blitz 2019"]
[Site "Sochi"]
[Date "2019.10.17"]
[Round "1.17"]
[White "Rozum, Ivan"]
[Black "Berko, Igor"]
[Result "1-0"]
[WhiteElo "2599"]
[BlackElo "2014"]
[Annotator "ChessBase"]
[PlyCount "45"]
[EventDate "2019.10.17"]
[EventType "swiss"]
[EventCountry "RUS"]
[SourceTitle "playchess.com"]
[Source "ChessBase"]
[SourceQuality "1"]
[TimeControl "180+2"]

1. c4 {[%emt 0:00:00]} Nf6 {[%emt 0:00:02]} 2. Nc3 {[%emt 0:00:01]} d5 {[%emt 0:00:05]} 3. cxd5 {[%emt 0:00:02]} Nxd5 {[%emt 0:00:01]} 4. g3 {[%emt 0:00:02]} c6 {[%emt 0:00:02]} 5. Bg2 {[%emt 0:00:01]} e5 {[%emt 0:00:05]} 6. Nf3 {[%emt 0:00:05]} Qc7 {[%emt 0:00:15]} 7. O-O {[%emt 0:00:07]} Be7 {[%emt 0:00:05]} 8. Qc2 {[%emt 0:00:13]} Be6 {[%emt 0:00:10]} 9. Nxd5 {[%emt 0:00:05]} Bxd5 {[%emt 0:00:03]} 10. e4 {[%emt 0:00:01]} Be6 {[%emt 0:00:05]} 11. d4 {[%emt 0:00:01]} exd4 {[%emt 0:00:22]} 12. Nxd4 {[%emt 0:00:05]} Bd7 {[%emt 0:00:11]} 13. Bf4 {[%emt 0:00:05]} Qb6 {[%emt 0:00:07]} 14. Be3 {[%emt 0:00:13]} Qa5 {[%emt 0:00:16]} 15. f4 {[%emt 0:00:08]} O-O {[%emt 0:00:10]} 16. e5 {[%emt 0:00:02]} Na6 {[%emt 0:00:15]} 17. a3 {[%emt 0:00:01]} Qd8 {[%emt 0:00:30]} 18. Rad1 {[%emt 0:00:04]} Qc8 {[%emt 0:00:06]} 19. f5 Bc5 {[%emt 0:00:08]} 20. b4 {[%emt 0:00:17]} Bxd4 {[%emt 0:00:05]} 21. Bxd4 {[%emt 0:00:08]} Nc7 {[%emt 0:00:10]} 22. Bb2 {[%emt 0:00:05]} Rd8 {[%emt 0:00:09]} 23. f6 {[%emt 0:00:10]} 1-0

[Event "RUS-ch Men Blitz 2019"]
[Site "Sochi"]
[Date "2019.10.17"]
[Round "1.18"]
[White "Oganyan, Arsen"]
[Black "Sakaev, Konstantin"]
[Result "0-1"]
[WhiteElo "2213"]
[BlackElo "2595"]
[Annotator "ChessBase"]
[PlyCount "34"]
[EventDate "2019.10.17"]
[EventType "swiss"]
[EventCountry "RUS"]
[SourceTitle "playchess.com"]
[Source "ChessBase"]
[SourceQuality "1"]
[TimeControl "180+2"]

1. d4 {[%emt 0:00:01]} Nf6 {[%emt 0:00:00]} 2. c4 {[%emt 0:00:02]} e6 {[%emt 0:00:00]} 3. Nf3 {[%emt 0:00:01]} d5 {[%emt 0:00:01]} 4. g3 {[%emt 0:00:09]} Bb4+ {[%emt 0:00:02]} 5. Bd2 {[%emt 0:00:02]} Be7 {[%emt 0:00:01]} 6. Bg2 {[%emt 0:00:01]} O-O {[%emt 0:00:02]} 7. O-O {[%emt 0:00:22]} Nbd7 {[%emt 0:00:01]} 8. Qc2 {[%emt 0:00:04]} c6 {[%emt 0:00:01]} 9. Bf4 {[%emt 0:00:08]} b6 {[%emt 0:00:01]} 10. Nbd2 {[%emt 0:00:04]} Nh5 {[%emt 0:00:07]} 11. Be3 {[%emt 0:00:11]} Bb7 {[%emt 0:00:02]} 12. Rfd1 {[%emt 0:00:28]} Rc8 {[%emt 0:00:02]} 13. Nf1 {[%emt 0:00:02]} Nhf6 {[%emt 0:00:27]} 14. Bf4 {[%emt 0:00:15]} c5 {[%emt 0:00:01]} 15. b3 {[%emt 0:00:17]} cxd4 {[%emt 0:00:10]} 16. Ne5 {[%emt 0:00:12]} b5 {[%emt 0:01:09]} 17. Nd2 {[%emt 0:00:27]} g5 {[%emt 0:00:11]} 0-1

[Event "RUS-ch Men Blitz 2019"]
[Site "Sochi"]
[Date "2019.10.17"]
[Round "1.19"]
[White "Yuffa, Daniil"]
[Black "Gimadutdinov, Ilnur"]
[Result "1-0"]
[WhiteElo "2577"]
[BlackElo "2146"]
[Annotator "ChessBase"]
[PlyCount "63"]
[EventDate "2019.10.17"]
[EventType "swiss"]
[EventCountry "RUS"]
[SourceTitle "playchess.com"]
[Source "ChessBase"]
[SourceQuality "1"]
[TimeControl "180+2"]

1. e4 {[%emt 0:00:00]} c5 {[%emt 0:00:00]} 2. Nf3 {[%emt 0:00:01]} d6 {[%emt 0:00:01]} 3. d4 {[%emt 0:00:01]} cxd4 {[%emt 0:00:01]} 4. Nxd4 {[%emt 0:00:01]} Nf6 {[%emt 0:00:01]} 5. Nc3 {[%emt 0:00:02]} Nc6 {[%emt 0:00:00]} 6. Bg5 {[%emt 0:00:01]} e6 {[%emt 0:00:01]} 7. Qd2 {[%emt 0:00:02]} Be7 {[%emt 0:00:01]} 8. O-O-O {[%emt 0:00:12]} O-O {[%emt 0:00:02]} 9. f3 {[%emt 0:00:13]} Nxd4 {[%emt 0:00:08]} 10. Qxd4 {[%emt 0:00:02]} Qa5 {[%emt 0:00:01]} 11. h4 {[%emt 0:00:01]} a6 {[%emt 0:00:07]} 12. Kb1 {[%emt 0:00:16]} b5 {[%emt 0:00:02]} 13. Qd2 {[%emt 0:00:45]} b4 {[%emt 0:00:39]} 14. Ne2 {[%emt 0:00:01]} Bb7 {[%emt 0:00:04]} 15. Nd4 {[%emt 0:00:01]} h6 {[%emt 0:00:16]} 16. Be3 {[%emt 0:00:01]} d5 {[%emt 0:00:09]} 17. e5 {[%emt 0:00:08]} Nd7 {[%emt 0:00:01]} 18. f4 {[%emt 0:00:13]} Nc5 {[%emt 0:00:06]} 19. Nb3 {[%emt 0:00:03]} Nxb3 {[%emt 0:00:02]} 20. cxb3 {[%emt 0:00:18]} Qc7 {[%emt 0:00:48]} 21. Bd4 {[%emt 0:00:09]} a5 {[%emt 0:00:01]} 22. Bb5 {[%emt 0:00:01]} Ba6 {[%emt 0:00:12]} 23. Rc1 {[%emt 0:00:02]} Qd8 {[%emt 0:00:11]} 24. Bc6 {[%emt 0:00:09]} Rc8 {[%emt 0:00:12]} 25. g4 {[%emt 0:00:01]} Rb8 {[%emt 0:00:27]} 26. f5 {[%emt 0:00:11]} exf5 {[%emt 0:00:02]} 27. gxf5 {[%emt 0:00:01]} Bc8 {[%emt 0:00:03]} 28. f6 {[%emt 0:00:05]} Bf5+ {[%emt 0:00:00]} 29. Ka1 {[%emt 0:00:00]} g6 {[%emt 0:00:01]} 30. fxe7 {[%emt 0:00:02]} Qxe7 {[%emt 0:00:01]} 31. Qxh6 {[%emt 0:00:08]} Be6 {[%emt 0:00:11]} 32. Bc5 {[%emt 0:00:04]} 1-0

[Event "RUS-ch Men Blitz 2019"]
[Site "Sochi"]
[Date "2019.10.17"]
[Round "1.20"]
[White "Khmelev, Mikhail"]
[Black "Antipov, Mikhail Al."]
[Result "0-1"]
[WhiteElo "2082"]
[BlackElo "2567"]
[Annotator "ChessBase"]
[PlyCount "72"]
[EventDate "2019.10.17"]
[EventType "swiss"]
[EventCountry "RUS"]
[SourceTitle "playchess.com"]
[Source "ChessBase"]
[SourceQuality "1"]
[TimeControl "180+2"]

1. e4 {[%emt 0:00:00]} c5 {[%emt 0:00:00]} 2. Nf3 {[%emt 0:00:00]} Nc6 {[%emt 0:00:00]} 3. Bb5 {[%emt 0:00:03]} d6 {[%emt 0:00:00]} 4. O-O {[%emt 0:00:05]} Bd7 {[%emt 0:00:01]} 5. c3 {[%emt 0:00:01]} a6 {[%emt 0:00:01]} 6. Bxc6 {[%emt 0:00:04]} Bxc6 {[%emt 0:00:01]} 7. Re1 {[%emt 0:00:00]} Nf6 {[%emt 0:00:01]} 8. e5 {[%emt 0:00:06]} dxe5 {[%emt 0:00:16]} 9. Nxe5 {[%emt 0:00:01]} Qd5 {[%emt 0:00:01]} 10. Nxc6 {[%emt 0:00:04]} Qxc6 {[%emt 0:00:01]} 11. Na3 {[%emt 0:00:04]} e6 {[%emt 0:00:22]} 12. Nc4 {[%emt 0:00:01]} Bd6 {[%emt 0:00:01]} 13. d4 {[%emt 0:00:11]} cxd4 {[%emt 0:00:29]} 14. Qxd4 {[%emt 0:00:06]} Rd8 {[%emt 0:00:02]} 15. Qh4 {[%emt 0:00:11]} O-O {[%emt 0:00:16]} 16. Nxd6 {[%emt 0:00:02]} Rxd6 {[%emt 0:00:01]} 17. Bf4 {[%emt 0:00:02]} Rd5 {[%emt 0:00:04]} 18. Be5 {[%emt 0:00:10]} Nd7 {[%emt 0:00:05]} 19. Bd4 {[%emt 0:00:01]} Qd6 {[%emt 0:00:20]} 20. Qg3 {[%emt 0:00:20]} e5 21. Be3 f5 {[%emt 0:00:12]} 22. f4 {[%emt 0:00:21]} e4 {[%emt 0:00:01]} 23. Bd4 {[%emt 0:00:06]} Rf7 {[%emt 0:00:00]} 24. Rad1 {[%emt 0:00:02]} Nc5 {[%emt 0:00:21]} 25. Be5 {[%emt 0:00:38]} Qd7 {[%emt 0:00:12]} 26. Rxd5 {[%emt 0:00:05]} Qxd5 {[%emt 0:00:01]} 27. Qe3 {[%emt 0:00:01]} Nd3 {[%emt 0:00:10]} 28. Rd1 {[%emt 0:00:17]} Qxa2 {[%emt 0:00:02]} 29. Qb6 {[%emt 0:00:03]} h6 {[%emt 0:00:11]} 30. Rf1 {[%emt 0:00:32]} Qxb2 {[%emt 0:00:10]} 31. Qd8+ {[%emt 0:00:00]} Kh7 {[%emt 0:00:01]} 32. Qd5 {[%emt 0:00:06]} Qb6+ {[%emt 0:00:01]} 33. Bd4 {[%emt 0:00:03]} Qg6 {[%emt 0:00:02]} 34. h4 {[%emt 0:00:05]} h5 {[%emt 0:00:05]} 35. Rb1 {[%emt 0:00:01]} Nxf4 {[%emt 0:00:03]} 36. Rb2 {[%emt 0:00:06]} Nxd5 {[%emt 0:00:02]} 0-1

[Event "RUS-ch Men Blitz 2019"]
[Site "Sochi"]
[Date "2019.10.17"]
[Round "1.21"]
[White "Triapishko, Alexandr"]
[Black "Mochalin, Faddey"]
[Result "1-0"]
[WhiteElo "2514"]
[BlackElo "2199"]
[Annotator "TA"]
[PlyCount "53"]
[EventDate "2019.10.17"]
[EventType "swiss"]
[EventCountry "RUS"]
[SourceTitle "playchess.com"]
[Source "ChessBase"]
[SourceQuality "1"]

{[%evp 9,107,33,28,27,56,59,54,33,57,57,55,35,37,31,40,15,23,-10,-10,-8,4,0,8,0,2,-16,24,0,0,0,0,-15,0,0,152,157,314,200,216,193,354,342,308,192,234,190,229,188,172,141,166,139,140,141,147,138,143,138,166,163,178,177,196,191,191,0,289,283,546,546,546,546,902,816,872,872,837,823,690,660,2868,566,1491,1436,1252,1381,5418,1252,989,816,29966,29967,29990,2035,29993,29988,29990,29991,29998,29999]} 1. Nf3 d5 2. g3 Bg4 3. Bg2 Nd7 4. c4 e6 5. Qb3 (5. cxd5 exd5 6. O-O Ngf6 7. h3 Bxf3 8. exf3 Be7 9. f4 O-O 10. d3 c6 11. Nd2 Ne8 12. Nf3 Nd6 13. h4 Re8 14. Bh3 Nf8 {1-0 (62) Rapport,R (2726)-L'Ami,E (2644) Germany 2019}) 5... Nc5 6. Qe3 {A07: Réti Opening: New York and Capablanca Systems} Bxf3 7. Qxf3 c6 8. O-O {White is slightly better.} Nf6 9. d4 Ncd7 10. Qb3 $146 ({Predecessor:} 10. Qd3 g6 11. cxd5 exd5 12. Qb3 Qb6 {0-1 (36) Charochkina,D (2395)-Nechaeva,M (2439) Khanty-Mansiysk 2015}) 10... Qb6 11. Nc3 Be7 12. e3 O-O 13. c5 (13. e4 {looks sharper.} dxe4 14. Nxe4 Rfd8 15. Be3 Ng4 16. Qc2) 13... Qxb3 14. axb3 Ne8 15. b4 Nc7 $1 16. Bd2 f5 17. f3 Nf6 18. e4 dxe4 19. fxe4 fxe4 20. Nxe4 {[%cal Bc3e4,Be4g5,Bg5e6,Be6f4][%mdl 32]} Nb5 21. Bc3 Rad8 $2 (21... Nxe4 $11 22. Rxf8+ Rxf8 23. Bxe4 a6) 22. Ng5 $16 Rfe8 $2 (22... Nxd4 $16 23. Bh3 (23. Rxa7 Ng4 $16) 23... a5) 23. Nxe6 Rd7 24. Bh3 {Strongly threatening Ng5.} Rd5 $2 (24... Bd8 25. Rae1 Nxc3) 25. Nf4 $18 Rdd8 26. Rad1 a6 {[#]} 27. Be6+ {Played: d4-d5} 1-0

[Event "RUS-ch Men Blitz 2019"]
[Site "Sochi"]
[Date "2019.10.17"]
[Round "1.22"]
[White "Abramov, Ilya"]
[Black "Popov, Valerij"]
[Result "0-1"]
[WhiteElo "2119"]
[BlackElo "2535"]
[Annotator "ChessBase"]
[PlyCount "36"]
[EventDate "2019.10.17"]
[EventType "swiss"]
[EventCountry "RUS"]
[SourceTitle "playchess.com"]
[Source "ChessBase"]
[SourceQuality "1"]
[TimeControl "180+2"]

1. d4 {[%emt 0:00:00]} d5 {[%emt 0:00:00]} 2. c4 {[%emt 0:00:00]} e6 {[%emt 0:00:00]} 3. Nc3 {[%emt 0:00:01]} c6 {[%emt 0:00:02]} 4. cxd5 {[%emt 0:00:03]} exd5 {[%emt 0:00:01]} 5. Nf3 {[%emt 0:00:02]} Bf5 {[%emt 0:00:02]} 6. Qb3 {[%emt 0:00:04]} Qb6 {[%emt 0:00:02]} 7. Qxb6 {[%emt 0:00:17]} axb6 {[%emt 0:00:01]} 8. Bd2 {[%emt 0:00:07]} Nd7 {[%emt 0:00:04]} 9. e3 {[%emt 0:00:01]} b5 {[%emt 0:00:10]} 10. Nh4 {[%emt 0:00:11]} Be6 {[%emt 0:00:04]} 11. Bd3 {[%emt 0:00:02]} Nb6 {[%emt 0:00:08]} 12. Ke2 {[%emt 0:00:21]} Nf6 {[%emt 0:00:12]} 13. Rhb1 {[%emt 0:00:48]} g6 {[%emt 0:00:25]} 14. Nf3 {[%emt 0:00:02]} h6 {[%emt 0:00:10]} 15. e4 {[%emt 0:00:14]} b4 {[%emt 0:00:05]} 16. e5 {[%emt 0:00:16]} bxc3 {[%emt 0:00:02]} 17. bxc3 {[%emt 0:00:01]} Nfd7 {[%emt 0:00:01]} 18. a4 {[%emt 0:00:08]} Ra7 {[%emt 0:00:05]} 0-1